[Event "SVK-chT4 A22 1314"]
[Site "Slovakia"]
[Date "2013.11.17"]
[Round "4.3"]
[White "Drgon, Matus"]
[Black "Brestovansky, Anton"]
[Result "0-1"]
[WhiteElo "1712"]
[BlackElo "1700"]
[PlyCount "68"]
[EventDate "2013.10.06"]
[EventType "team-tourn"]
[EventRounds "11"]
[EventCountry "SVK"]
[SourceTitle "EXT 2015"]
[Source "ChessBase"]
[SourceDate "2014.11.20"]
[SourceVersion "1"]
[SourceVersionDate "2014.11.20"]
[SourceQuality "1"]
[WhiteTeam "Hlohovec II"]
[BlackTeam "Dolna Krupa SK"]
[WhiteTeamCountry "SVK"]
[BlackTeamCountry "SVK"]

1. Nf3 c5 2. c4 Nc6 3. g3 Nf6 4. Bg2 g6 5. 0-0 Bg7 6. e3 d6 7. Nc3 0-0 8. d4 cxd4 9. exd4 Bg4 10. Be3 a6 11. Qd2 Rc8 12. Bh6 Rc7 13. Bxg7 Kxg7 14. h3 Bxf3 15. Bxf3 e6 16. Rad1 Qc8 17. Bg2 Ne7 18. Na4 Nd7 19. b3 b5 20. Nb2 bxc4 21. bxc4 Nb6 22. c5 dxc5 23. dxc5 Rxc5 24. Rc1 Kg8 25. Rxc5 Qxc5 26. Rc1 Qa3 27. Qd4 Nbd5 28. Nd3 Qxa2 29. Ra1 Qd2 30. Qc4 a5 31. Ne5 Rc8 32. Qb5 Qc3 33. Rxa5 Qxe5 34. Bxd5 Qxd5 0-1

[Event "SVK-chT4 A22 1314"]
[Site "Slovakia"]
[Date "2013.10.20"]
[Round "2.2"]
[White "Drgon, Matus"]
[Black "Vlkovic, Pavol"]
[Result "1/2-1/2"]
[WhiteElo "1712"]
[BlackElo "1819"]
[PlyCount "109"]
[EventDate "2013.10.06"]
[EventType "team-tourn"]
[EventRounds "11"]
[EventCountry "SVK"]
[SourceTitle "EXT 2015"]
[Source "ChessBase"]
[SourceDate "2014.11.20"]
[SourceVersion "1"]
[SourceVersionDate "2014.11.20"]
[SourceQuality "1"]
[WhiteTeam "Hlohovec II"]
[BlackTeam "Cifer II"]
[WhiteTeamCountry "SVK"]
[BlackTeamCountry "SVK"]

1. d4 d6 2. c4 Nf6 3. Nc3 c6 4. e4 Nbd7 5. f3 e5 6. Be3 a5 7. d5 Be7 8. Qd2 0-0 9. g4 h6 10. h4 Nh7 11. g5 hxg5 12. hxg5 Nxg5 13. Qh2 f6 14. Bxg5 fxg5 15. Bh3 Nc5 16. 0-0-0 Bf6 17. Na4 Bxh3 18. Nxc5 dxc5 19. dxc6 Qc8 20. cxb7 Qxb7 21. Qxh3 Ra7 22. Ne2 g6 23. Qe6+ Qf7 24. Qxf7+ Raxf7 25. Rd6 Kg7 26. Rc6 g4 27. fxg4 Bg5+ 28. Kc2 Rf2 29. Re1 Rd8 30. Rxc5 Rd2+ 31. Kb3 Rdxe2 32. Rxe2 Rxe2 33. Rxe5 Bf6 34. Rxa5 Rxb2+ 35. Ka3 Rc2 36. c5 Kf7 37. Kb3 Rc3+ 38. Kb4 Re3 39. Kb5 Rxe4 40. c6 Re5+ 41. Ka6 Rxa5+ 42. Kxa5 Bd8+ 43. Kb5 Ke6 44. a4 Kd6 45. a5 Bxa5 46. Kxa5 Kxc6 47. Kb4 Kd5 48. Kc3 Ke4 49. Kd2 g5 50. Ke2 Kf4 51. Kf2 Kxg4 52. Kg2 Kf4 53. Kf2 g4 54. Kg2 g3 55. Kg1 1/2-1/2

[Event "SVK-chT3A2 1314"]
[Site "Slovakia"]
[Date "2013.10.13"]
[Round "1.3"]
[White "Drgon, Matus"]
[Black "Markuliak, Mario"]
[Result "0-1"]
[WhiteElo "1712"]
[BlackElo "1819"]
[PlyCount "89"]
[EventDate "2013.10.13"]
[EventType "team-tourn"]
[EventRounds "11"]
[EventCountry "SVK"]
[SourceTitle "EXT 2015"]
[Source "ChessBase"]
[SourceDate "2014.11.20"]
[SourceVersion "1"]
[SourceVersionDate "2014.11.20"]
[SourceQuality "1"]
[WhiteTeam "Hlohovec"]
[BlackTeam "Cifer"]
[WhiteTeamCountry "SVK"]
[BlackTeamCountry "SVK"]

1. d4 d6 2. c4 e5 3. dxe5 dxe5 4. Qxd8+ Kxd8 5. Nc3 Be6 6. e4 c6 7. Be3 Nd7 8. 0-0-0 Kc7 9. Nf3 f6 10. b3 a5 11. Kb2 Ne7 12. g3 Nc8 13. h4 Ncb6 14. a4 Bc5 15. Bxc5 Nxc5 16. Bh3 Bxh3 17. Rxh3 Rad8 18. Rh2 Rxd1 19. Nxd1 Nxe4 20. Nc3 Nxc3 21. Kxc3 Rd8 22. Rh1 Nd7 23. Re1 Nc5 24. Re3 Ne6 25. Nd2 Nc5 26. f3 Kb6 27. Kc2 Re8 28. g4 g6 29. f4 e4 30. f5 gxf5 31. gxf5 Re5 32. Kc3 Rxf5 33. Nxe4 Re5 34. Kd4 Rxe4+ 35. Rxe4 Nxe4 36. Kxe4 Kc5 37. Kf5 Kb4 38. Kxf6 Kxb3 39. Kg7 Kxa4 40. Kxh7 Kb4 41. Kg8 a4 42. h5 a3 43. h6 a2 44. h7 a1Q 45. h8Q 0-1

[Event "SVK-ch U16"]
[Site "Lubovna"]
[Date "2013.04.12"]
[Round "8"]
[White "Drgon, Matus"]
[Black "Jakubik, Matej"]
[Result "1-0"]
[WhiteElo "1714"]
[BlackElo "1283"]
[PlyCount "49"]
[EventDate "2013.04.06"]
[EventType "swiss"]
[EventRounds "9"]
[EventCountry "SVK"]
[SourceTitle "CBM 153 Extra"]
[Source "ChessBase"]
[SourceDate "2013.04.22"]
[SourceVersion "1"]
[SourceVersionDate "2013.04.22"]
[SourceQuality "1"]

1. d4 Nf6 2. c4 e6 3. Nc3 d5 4. Bf4 c6 5. Nf3 Nbd7 6. e3 Be7 7. Bd3 dxc4 8. Bxc4 Nd5 9. Nxd5 exd5 10. Bd3 Qa5+ 11. Nd2 Nf6 12. 0-0 0-0 13. Qc2 h6 14. h3 Be6 15. Rac1 Rfe8 16. Nf3 Qb6 17. Ne5 Rac8 18. g4 g5 19. Bg3 Nd7 20. Bh7+ Kg7 21. Nxd7 Bxd7 22. Be5+ Kf8 23. Bf5 Qd8 24. Bxd7 Qxd7 25. Qh7 1-0

[Event "SVK-ch U16"]
[Site "Lubovna"]
[Date "2013.04.09"]
[Round "5"]
[White "Gasa, Patrik"]
[Black "Drgon, Matus"]
[Result "1-0"]
[WhiteElo "1951"]
[BlackElo "1714"]
[PlyCount "75"]
[EventDate "2013.04.06"]
[EventType "swiss"]
[EventRounds "9"]
[EventCountry "SVK"]
[SourceTitle "CBM 153 Extra"]
[Source "ChessBase"]
[SourceDate "2013.04.22"]
[SourceVersion "1"]
[SourceVersionDate "2013.04.22"]
[SourceQuality "1"]

1. d4 Nf6 2. c4 e6 3. Nf3 Be7 4. g3 b6 5. Bg2 Bb7 6. 0-0 0-0 7. Nc3 d5 8. Ne5 Nc6 9. Qa4 Nxe5 10. dxe5 Ne4 11. cxd5 Nxc3 12. bxc3 exd5 13. c4 c6 14. Rd1 Bc5 15. Bb2 Qg5 16. cxd5 cxd5 17. Bxd5 Bxd5 18. Rxd5 Qf5 19. Qf4 Qxf4 20. gxf4 Rfd8 21. Rad1 Be7 22. Rxd8+ Rxd8 23. Rxd8+ Bxd8 24. Kg2 Be7 25. Kf3 Kf8 26. Ke4 Bc5 27. Bd4 Bb4 28. Kd5 Ke7 29. f5 g6 30. e4 Ba3 31. f4 Kd7 32. e6+ fxe6+ 33. fxe6+ Ke7 34. f5 Bb4 35. Be5 a5 36. Bd6+ Bxd6 37. f6+ Kxf6 38. Kxd6 1-0

[Event "SVK-ch U16"]
[Site "Lubovna"]
[Date "2013.04.08"]
[Round "4"]
[White "Drgon, Matus"]
[Black "Kuruc, Michael"]
[Result "1-0"]
[WhiteElo "1714"]
[BlackElo "1524"]
[PlyCount "81"]
[EventDate "2013.04.06"]
[EventType "swiss"]
[EventRounds "9"]
[EventCountry "SVK"]
[SourceTitle "CBM 153 Extra"]
[Source "ChessBase"]
[SourceDate "2013.04.22"]
[SourceVersion "1"]
[SourceVersionDate "2013.04.22"]
[SourceQuality "1"]

1. d4 d5 2. c4 e6 3. Nc3 Bb4 4. Bf4 Bxc3+ 5. bxc3 Nf6 6. e3 dxc4 7. Bxc4 Nc6 8. Nf3 h6 9. 0-0 0-0 10. Re1 Ne4 11. Qc2 Nd6 12. Bd3 b6 13. h3 Bb7 14. e4 Ne7 15. Qd2 Ng6 16. Bg3 a5 17. Ne5 Nxe5 18. Bxe5 f6 19. Bf4 Nf7 20. Bg3 Ba6 21. Bb1 Qd7 22. Qc2 Bb7 23. Bh2 Nd6 24. g4 Qc6 25. d5 Qd7 26. e5 fxe5 27. Qh7+ Kf7 28. Bg6+ Ke7 29. Qxg7+ Nf7 30. Rxe5 Bxd5 31. Rd1 Qc6 32. Rdxd5 Qxc3 33. Rxe6+ Kxe6 34. Bxf7+ Rxf7 35. Qxc3 Kxd5 36. Qb3+ Kd4 37. Qxf7 c5 38. Qd7+ Kc4 39. Qc6 Rd8 40. Qxb6 Rd5 41. Qxa5 1-0

[Event "SVK-chT4 A22 1213"]
[Site "Slovakia"]
[Date "2013.03.03"]
[Round "10.3"]
[White "Bertalan, Balint"]
[Black "Drgon, Matus"]
[Result "1/2-1/2"]
[WhiteElo "1843"]
[BlackElo "1643"]
[PlyCount "86"]
[EventDate "2012.10.14"]
[EventType "team-tourn"]
[EventRounds "11"]
[EventCountry "SVK"]
[SourceTitle "EXT 2015"]
[Source "ChessBase"]
[SourceDate "2014.11.20"]
[SourceVersion "1"]
[SourceVersionDate "2014.11.20"]
[SourceQuality "1"]
[WhiteTeam "Gabcikovo Russel II"]
[BlackTeam "Trakovice SK"]
[WhiteTeamCountry "SVK"]
[BlackTeamCountry "SVK"]

1. e4 c5 2. Nf3 Nc6 3. d4 cxd4 4. Nxd4 Nf6 5. Nc3 g6 6. Bc4 Bg7 7. Nxc6 dxc6 8. Qxd8+ Kxd8 9. Bf4 Nh5 10. 0-0-0+ Bd7 11. Be3 Kc7 12. Ne2 Rhf8 13. f4 Bg4 14. Rd2 Bxe2 15. Bxe2 Nf6 16. Bf3 Rad8 17. Rhd1 b6 18. e5 Rxd2 19. Rxd2 Nd7 20. b4 Rd8 21. a4 g5 22. g3 h6 23. Bg4 gxf4 24. gxf4 Nf8 25. Rxd8 Kxd8 26. a5 Kc7 27. Kd2 e6 28. h4 f6 29. exf6 Bxf6 30. h5 Kb7 31. Kd3 b5 32. Bc5 Bg7 33. Bxf8 Bxf8 34. c3 Kc7 35. Bxe6 Kd6 36. f5 Bg7 37. c4 bxc4+ 38. Kxc4 Bf6 39. b5 cxb5+ 40. Kxb5 Kc7 41. a6 Kd6 42. Kc4 Bg7 43. Kd3 Ke5 1/2-1/2

[Event "SVK-chT3A2 1213"]
[Site "Slovakia"]
[Date "2013.02.10"]
[Round "8.2"]
[White "Kanka, Tomas"]
[Black "Drgon, Matus"]
[Result "1/2-1/2"]
[WhiteElo "1435"]
[BlackElo "1643"]
[PlyCount "73"]
[EventDate "2012.10.07"]
[EventType "team-tourn"]
[EventRounds "11"]
[EventCountry "SVK"]
[SourceTitle "EXT 2015"]
[Source "ChessBase"]
[SourceDate "2014.11.20"]
[SourceVersion "1"]
[SourceVersionDate "2014.11.20"]
[SourceQuality "1"]
[WhiteTeam "Gbely Nafta"]
[BlackTeam "Hlohovec SK Zentiva"]
[WhiteTeamCountry "SVK"]
[BlackTeamCountry "SVK"]

1. e4 c5 2. c3 Nc6 3. Nf3 Nf6 4. e5 Nd5 5. d4 cxd4 6. cxd4 e6 7. a3 Qa5+ 8. Bd2 Bb4 9. Be2 Bxd2+ 10. Nbxd2 0-0 11. 0-0 f6 12. Nc4 Qc7 13. Rc1 b5 14. Nd6 a6 15. a4 Nf4 16. Re1 bxa4 17. Qxa4 Bb7 18. Bf1 Ng6 19. Qb3 Rab8 20. d5 Ngxe5 21. dxe6 Qxd6 22. e7+ Rf7 23. Nxe5 Nxe5 24. Qxb7 Rxe7 25. Rc8+ Rxc8 26. Qxc8+ Kf7 27. Kh1 Qb4 28. Rb1 Qf4 29. Qxa6 Qxf2 30. Bc4+ Nxc4 31. Qxc4+ Re6 32. b4 Ke7 33. h3 Re2 34. Qg4 Re1+ 35. Rxe1+ Qxe1+ 36. Kh2 Qe5+ 37. Kg1 1/2-1/2

[Event "SVK-chT4 A22 1213"]
[Site "Slovakia"]
[Date "2012.12.16"]
[Round "5.2"]
[White "Lopatievov, Alexander"]
[Black "Drgon, Matus"]
[Result "1-0"]
[WhiteElo "1937"]
[BlackElo "1643"]
[PlyCount "35"]
[EventDate "2012.10.14"]
[EventType "team-tourn"]
[EventRounds "11"]
[EventCountry "SVK"]
[SourceTitle "EXT 2015"]
[Source "ChessBase"]
[SourceDate "2014.11.20"]
[SourceVersion "1"]
[SourceVersionDate "2014.11.20"]
[SourceQuality "1"]
[WhiteTeam "Trnava Modranka II"]
[BlackTeam "Trakovice SK"]
[WhiteTeamCountry "SVK"]
[BlackTeamCountry "SVK"]

1. c4 c5 2. Nc3 Nc6 3. e3 Nf6 4. d4 cxd4 5. exd4 d5 6. Nf3 Bg4 7. Be2 dxc4 8. Be3 e6 9. 0-0 Bd6 10. h3 Bh5 11. Bxc4 0-0 12. Be2 Re8 13. a3 a6 14. Na4 Nd5 15. b4 b5 16. Nc5 Nc3 17. Qd2 Nxe2+ 18. Qxe2 1-0

[Event "SVK-ch U14"]
[Site "Lubovnianske Kupele"]
[Date "2012.03.19"]
[Round "4"]
[White "Drgon, Matus"]
[Black "Ulicny, Martin"]
[Result "1-0"]
[WhiteElo "1000"]
[BlackElo "1371"]
[PlyCount "66"]
[EventDate "2012.03.17"]
[EventType "swiss"]
[EventRounds "9"]
[EventCountry "SVK"]
[SourceTitle "CBM 147 Extra"]
[Source "ChessBase"]
[SourceDate "2012.04.24"]
[SourceVersion "1"]
[SourceVersionDate "2012.04.24"]
[SourceQuality "1"]

1. e4 e5 2. Nf3 Nf6 3. Nc3 Nc6 4. Bc4 Nxe4 5. Nxe4 d5 6. Bxd5 Qxd5 7. d3 Bg4 8. 0-0 Nd4 9. h3 Nxf3+ 10. gxf3 Bxh3 11. Re1 0-0-0 12. Bg5 f6 13. Bh4 Bc5 14. Kh2 Bf5 15. Rg1 Bxe4 16. fxe4 Qf7 17. Qg4+ Kb8 18. Qxg7 Qxg7 19. Rxg7 Rdf8 20. Bg3 h5 21. Kg2 Rfg8 22. Rxg8+ Rxg8 23. Kf3 Kc8 24. Rh1 Rg5 25. Bh4 Rg6 26. Bg3 Rh6 27. Ke2 Kd7 28. f4 Bd6 29. f5 c5 30. Bf2 a6 31. Be3 Rh8 32. Rg1 Bf8 33. Kf3 b6 1-0

[Event "SVK-ch U14"]
[Site "Lubovnianske Kupele"]
[Date "2012.03.17"]
[Round "1"]
[White "Chovan, Milan"]
[Black "Drgon, Matus"]
[Result "1-0"]
[WhiteElo "1706"]
[BlackElo "1000"]
[PlyCount "97"]
[EventDate "2012.03.17"]
[EventType "swiss"]
[EventRounds "9"]
[EventCountry "SVK"]
[SourceTitle "CBM 147 Extra"]
[Source "ChessBase"]
[SourceDate "2012.04.24"]
[SourceVersion "1"]
[SourceVersionDate "2012.04.24"]
[SourceQuality "1"]

1. e4 e5 2. Nf3 Nc6 3. d4 exd4 4. Nxd4 Bc5 5. Be3 Qf6 6. c3 Nge7 7. Bc4 0-0 8. 0-0 Nxd4 9. cxd4 Bb6 10. Nc3 d6 11. Qd2 Qg6 12. Kh1 Be6 13. Bd3 f5 14. f4 d5 15. e5 Nc6 16. Be2 a6 17. a3 Rac8 18. Na4 Ba7 19. b4 b5 20. Nc5 Bxc5 21. bxc5 Bd7 22. Rfb1 Ra8 23. a4 Na7 24. axb5 Nxb5 25. Ra5 c6 26. Rba1 Bc8 27. Bxb5 cxb5 28. Rxb5 axb5 29. Rxa8 Qc6 30. Qa5 h6 31. Ra7 Kh7 32. Qc7 Qxc7 33. Rxc7 Rd8 34. Bd2 Bd7 35. h3 Kg6 36. Ba5 Ra8 37. Rxd7 Rxa5 38. Rxd5 b4 39. Rd6+ Kf7 40. Rb6 Ra1+ 41. Kh2 Rb1 42. d5 b3 43. c6 b2 44. c7 Rc1 45. d6 Ke6 46. Rxb2 Rc4 47. Rd2 Kd7 48. e6+ Kxe6 49. d7 1-0